| Tag |
First Indicator |
Second Indicator |
Subfields |
| LEADER |
00000cam a2200000 4500 |
| 001 |
in00000034890 |
| 005 |
20151007063433.0 |
| 008 |
750728s1890 ilu 00010ceng u |
| 010 |
|
|
|a 12031331
|
| 035 |
|
|
|a (OCoLC)01484457
|
| 035 |
|
|
|9 AAD7404AM
|
| 040 |
|
|
|c DZM
|d TXA
|d UtOrBLW
|
| 049 |
|
|
|a TXAM
|c [40143]
|
| 050 |
0 |
0 |
|a BJ1671
|b .C53 1890
|
| 092 |
|
|
|a 826
|b C525b
|
| 100 |
1 |
|
|a Chesterfield, Philip Dormer Stanhope,
|c Earl of,
|d 1694-1773.
|
| 245 |
1 |
4 |
|a The best letters of Lord Chesterfield ;
|b letters to his son and letters to his godson /
|c by Philip Dormer Stanhope; edited with an introduction by Edward Gilpin Johnson.
|
| 250 |
|
|
|a Ninth edition.
|
| 264 |
|
1 |
|a Chicago :
|b McClurg,
|c [1890]
|
| 264 |
|
4 |
|c ©1890
|
| 300 |
|
|
|a 302 pages
|
| 336 |
|
|
|a text
|b txt
|2 rdacontent
|
| 337 |
|
|
|a unmediated
|b n
|2 rdamedia
|
| 338 |
|
|
|a volume
|b nc
|2 rdacarrier
|
| 700 |
1 |
|
|a Johnson, Edward Gilpin.
|
| 999 |
|
|
|a MARS
|
| 999 |
f |
f |
|s 506d5fac-4aa1-31cd-99e7-17fcfa500425
|i 3fc43e9d-b75b-3596-8b1d-f84a9057759a
|t 0
|
| 952 |
f |
f |
|p normal
|a Texas A&M University
|b College Station
|c Sterling C. Evans Library
|d Evans: Library Stacks
|t 0
|e BJ1671 .C53 1890
|h Library of Congress classification
|i unmediated -- volume
|m A14801341595
|
| 998 |
f |
f |
|a BJ1671 .C53 1890
|t 0
|l Evans: Library Stacks
|